| Поле | Инд. | ПП | Название | Значение |
|---|---|---|---|---|
| Тип записи | a | |||
| Библиографический уровень | m | |||
| 001 | Контрольный номер | RU/IS/BASE/289582849 | ||
| 005 | Дата корректировки | 20220325112828.8 | ||
| 020 | a | ISBN | 978-985-488-365-6(ч.1) | |
| 040 | b | Код языка каталог. | rus | |
| 041 | 0_ | a | Код языка текста | rus |
| 080 | a | Индекс УДК | 004.42(076.5) | |
| 084 | a | Индекс другой классификации/Индекс ББК | 32.973я7 | |
| 090 | a | Полочн. индекс | 681.3 | |
| x | Авторский знак | С89 | ||
| 097 | b | Оператор | 02 | |
| 100 | 1_ | a | Автор | Супонев В. А. |
| 245 | 10 | a | Заглавие | Системное программное обеспечение ЭВМ |
| b | Продолж. заглавия | лабораторный практикум для студентов спец. 1-40 02 01 "Вычислительные машины, системы и сети" всех форм обучения : в 2 ч. | ||
| h | Физич. носитель | + электр. вариант | ||
| n | Номер части/ раздела | Ч. 1 | ||
| p | Название части/ раздела | Операционные системы | ||
| 260 | a | Место издания | Минск | |
| b | Издательство | БГУИР | ||
| c | Дата издания | 2009 | ||
| 300 | a | Объем | 36 с. | |
| 440 | _0 | a | Серия | Кафедра электронных вычислительных машин |
| 510 | 0_ | a | Примечание о ссылках | Книги и методические пособия |
| 650 | 04 | a | Основная рубрика | 50.41 Программное обеспечение вычислительных машин, комплексов и сетей |
| x | Основная подрубрика | 50.41.15 Операционные системы | ||
| x | Основная подрубрика | 50.41.17 Системное программное обеспечение | ||
| 653 | 0_ | a | Ключевые слова | программное обеспечение; операционные системы |
| 700 | 12 | a | Другие авторы | Уваров А. А. |
| 700 | 1_ | a | Другие авторы | Прытков В. А. |
| 856 | 40 | u | URL | https://libeldoc.bsuir.by/bitstream/123456789/1361/2/Suponev_ch1.pdf |
| 901 | t | Тип документа | m |